=LDR 00000nam 2200000 4500 =001 INLIS000000000060080 =005 20220103100016 =035 ##$$a 0010-0122000016 =007 ta =008 220103###########################0###### =020 ##$$a ISSN : 0215-2215 =082 ##$$a 315. 986 5 =084 ##$$a 315. 986 5 Nus p =245 1#$$a Provinsi Nusa Tenggara Barat Dalam Angka : $b Nusa Tenggara Barat Province in Figures 2020 =300 ##$$a xxxxix, 462 halaman : $b Ilustrasi ; $c 21 em =600 #4$$a Nusa Tenggara Barat - Statistik =264 ##$$a Mataram :$b BPS Provinsi Nusa Tenggara Barat,$c 2020 =336 ##$$a Teks$2 rdacontent =337 ##$$a Buku$2 rdamedia =338 ##$$a Lain - lain$2 rdacarrier =990 ##$$a 00200020 =990 ##$$a 86/50/2021